| 000 | 00678nam a2200193 a 4500 | ||
|---|---|---|---|
| 008 | 951031s1987||||xo 0 slo c | ||
| 020 | _c56 | ||
| 040 |
_aSNK _bslo _cSNK _eAACR2 |
||
| 041 | 1 |
_aslo _alat |
|
| 044 |
_axo _cSK |
||
| 080 | _a801.323.2=71=854 | ||
| 100 | 1 |
_aŠpaňár, Július _4aut |
|
| 245 | 1 | 0 |
_aLatinsko-slovenský slovensko-latinský slovník _cJúlius Špaňár, Jozef Hrabovský ; Obál. navrhla Alica Pauhofová |
| 260 |
_aBratislava _bSlovenské pedagogické nakladateľstvo _eTrnava _fPolygrafické závody _c1987 |
||
| 300 | _bLit. 22 zázn. v češ., nem. a slov. | ||
| 700 | 1 |
_aHrabovský, Jozef _4aut |
|
| 700 | 1 |
_aPauhofová, Alica _4bjd |
|
| 958 | _aASJ | ||
| 999 |
_c19209 _d19209 |
||